Skúmanie skrytých nákladov na kvalitu

Salvato in:
Dettagli Bibliografici
Autore principale: Meheš, Marek
Natura: Capitolo di libro
Lingua:slovacco
Soggetti:
Tags: Aggiungi Tag
Nessun Tag, puoi essere il primo ad aggiungerne!!

MARC

LEADER 00000nla a2200000 4500
001 0215507
005 20240502073608.8
041 0 |a slo 
044 |a SK 
245 1 0 |a Skúmanie skrytých nákladov na kvalitu  |c Marek Meheš 
500 |a Abstrakt 
610 2 0 |a kvalita 
610 2 0 |a náklady na kvalitu 
610 2 0 |a náklady skryté 
100 1 |a Meheš, Marek